Progress in geomathematics (Record no. 7046)

MARC details
000 -LEADER
fixed length control field 00526 a2200181 4500
001 - CONTROL NUMBER
control field 132693
003 - CONTROL NUMBER IDENTIFIER
control field OSt
005 - DATE AND TIME OF LATEST TRANSACTION
control field 20220128114013.0
008 - FIXED-LENGTH DATA ELEMENTS--GENERAL INFORMATION
fixed length control field
082 ## - DEWEY DECIMAL CLASSIFICATION NUMBER
Classification number 551.0151
Item number P94P
245 1# - TITLE STATEMENT
Title Progress in geomathematics
Statement of responsibility, etc edited by G. Bonham-Carter and Q Cheng
260 ## - PUBLICATION, DISTRIBUTION, ETC. (IMPRINT)
Place of publication, distribution, etc Heidelberg
Name of publisher, distributor, etc Springer-Verlag
Date of publication, distribution, etc 2008
300 ## - PHYSICAL DESCRIPTION
Extent 553p.
690 ## - LOCAL SUBJECT ADDED ENTRY--TOPICAL TERM (OCLC, RLIN)
Topical term or geographic name as entry element Geology-Mathematics; Statistics; Mathematical geography
700 ## - ADDED ENTRY--PERSONAL NAME
Personal name Bohan-Carter, G.
Relator term Editor
700 ## - ADDED ENTRY--PERSONAL NAME
Personal name Cheng, Q
Relator term Editor
942 ## - ADDED ENTRY ELEMENTS (KOHA)
Source of classification or shelving scheme Dewey Decimal Classification
Koha item type Books
Holdings
Withdrawn status Lost status Source of classification or shelving scheme Damaged status Not for loan Collection code Home library Current library Date acquired Source of acquisition Full call number Barcode Date last seen Price effective from Koha item type
    Dewey Decimal Classification     General Text Book Central University Of Rajasthan Central University Of Rajasthan 25/06/2012 MTH 551.0151 P94P 10219 21/11/2024 02/09/2020 Books